000 00908cam a2200301 a 4500
001 3786337
003 OSt
005 20250901165757.0
008 840514s1984 paua 001 0 eng
010 _a 84008540
020 _a0830607773 :
_c$21.95
020 _a0830617779 (pbk.) :
_c$12.95
040 _aDLC
_cDLC
_dDLC
050 0 0 _aTJ 213 .C86 1984
_b.C86 1984
082 0 0 _a620/.46
_219
100 1 _aCunningham, John Edward,
_d1923-
245 1 0 _aHandbook of remote control & automation techniques /
_cJohn E. Cunningham & Delton T. Horn.
250 _a2nd ed.
260 _aBlue Ridge Summit, PA :
_bTab Books,
_cc1984.
300 _avii, 341 p. :
_bill. ;
_c22 cm.
500 _aIncludes index.
500 _a"No. 1777."
650 0 _aAutomatic control.
650 0 _aRemote control.
700 1 _aHorn, Delton T.
906 _a7
_bcbc
_corignew
_d1
_eocip
_f19
_gy-gencatlg
942 _2lcc
_cBK
999 _c9143
_d9143